|
|
|
|
| LEADER |
00000nam0a2200000 4500 |
| 001 |
185779 |
| 005 |
20250425134014.0 |
| 010 |
|
|
|a 9785406002124
|
| 035 |
|
|
|a (RuTPU)RU\TPU\book\201564
|
| 090 |
|
|
|a 185779
|
| 100 |
|
|
|a 20101014d2010 m y0rusy50 ca
|
| 101 |
0 |
|
|a rus
|
| 102 |
|
|
|a RU
|
| 105 |
|
|
|a a j 001zy
|
| 200 |
1 |
|
|a Прикладной системный анализ
|e учебное пособие
|f Ф. П. Тарасенко
|
| 210 |
|
|
|a Москва
|c КноРус
|d 2010
|
| 215 |
|
|
|a 224 с.
|c ил.
|
| 320 |
|
|
|a Библиогр.: с. 219.
|
| 330 |
|
|
|a В основу пособия положен курс лекций, читаемый автором в Томском государственном университете по новой дисциплине — прикладному системному анализу. Содержится описание созданной в последние десятилетия теоретиками и практиками системного анализа технологии решения проблем реальной жизни. В первой, методологической, части курса даются базовые понятия системологии, необходимые для обоснования и изложения технологии. Эта технология применима к проблемам любой природы: набор дисциплин, сведения из которых требуются для решения конкретной проблемы, определяется природой этой проблемы и специфичен для нее, а последовательность операций и методы преодоления трудностей, т.е. сама технология, имеют достаточно универсальный характер. Вторая часть курса описывает рекомендуемую технологию, следование которой повышает вероятность успешного решения проблемы. Для студентов и специалистов в области управления, а также профессионалов различного профиля.
|
| 606 |
1 |
|
|a Системный анализ
|2 stltpush
|3 (RuTPU)RU\TPU\subj\42183
|9 61889
|
| 610 |
1 |
|
|a системное мышление
|
| 610 |
1 |
|
|a модели
|
| 610 |
1 |
|
|a моделирование
|
| 610 |
1 |
|
|a управление
|
| 610 |
1 |
|
|a системотология
|
| 610 |
1 |
|
|a учебные пособия
|
| 675 |
|
|
|a 681.51.01:519(075.8)
|v 3
|
| 700 |
|
1 |
|a Тарасенко
|b Ф. П.
|c математик
|c профессор Томского государственного университета, доктор технических наук
|f 1932-2021
|g Феликс Петрович
|9 20465
|
| 801 |
|
1 |
|a RU
|b 63413507
|c 20101014
|
| 801 |
|
2 |
|a RU
|b 63413507
|c 20200914
|g RCR
|
| 850 |
|
|
|a 63413507
|
| 942 |
|
|
|c BK
|